Κατάλογος Βιβλιοθηκών Mediterranean College

Business Accounts / For First Level Accounting and Book-Keeping Courses: Second Edition (Record no. 537)

MARC details
000 -LEADER
fixed length control field 01529cam a22002174a 4500
005 - ΗΜΕΡΟΜΗΝΙΑ ΚΑΙ ΩΡΑ ΤΕΛΕΥΤΑΙΑΣ ΕΝΗΜΕΡΩΣΗΣ
Πεδίο ελέγχου 20250605163938.0
008 - FIXED-LENGTH DATA ELEMENTS--GENERAL INFORMATION
Πεδίο ελέγχου σταθερού μήκους 250528s ||||||||||||||||||||||||d
035 ## - SYSTEM CONTROL NUMBER
System control number 14927
020 ## - ISBN
ISBN 1872962580
040 ## - ΠΗΓΗ ΚΑΤΑΛΟΓΟΓΡΑΦΗΣΗΣ
Φορέας πρωτότυπης καταλογογράφησης MC Athens Campus Library
Γλώσσα καταλογογράφησης Ελληνικά, Μοντέρνα (1453-)
Modifying agency MC Athens Campus Library
Κανόνες περιγραφικής καταλογογράφησης AACR2
245 1# - ΤΙΤΛΟΣ ΚΑΙ ΔΗΛΩΣΗ ΥΠΕΥΘΥΝΟΤΗΤΑΣ
Τίτλος Business Accounts / For First Level Accounting and Book-Keeping Courses: Second Edition
250 ## - EDITION STATEMENT
Edition statement 2nd
260 ## - PUBLICATION, DISTRIBUTION, ETC.
Date of publication, distribution, etc. 1999
300 ## - PHYSICAL DESCRIPTION
Extent 660
520 ## - SUMMARY, ETC.
Summary, etc. This book is an up-to-date study of the principles pf book-keeping and accounting. What are Business Accounts?, Double-Entry Book Keeping: First Principles, Double-Entry Book Keeping: Further Transactions, Business Documents, Balancing Accounts - The Trial Balance, Division of the Ledger - Primary Accounting Records, Value Added Fax, Cash Book, Petty Cash Book, Bank Reconciliation Statements, An Introduction to Computer Accounting, Final Accounts, Accruals and Prepayments, Depreciation of Fixed Assets, Bad Depths and Provision for Bad Debts, The Extended Trial Balance, The Regulatory Framework for Accounting, The Journal, Correction of Errors, Control Accounts, Incomplete Records, Club and Society Accounts, Partnership Accounts, Changes in Partnerships, Limited Company Accounts, Manufacturing Accounts, Cash Flow Statements, Interpretation of Accounts, Calculating Wages and Salaries, Paying Wages and Salaries, Full-Length Case Studies, Multiple Choice Questions, Appendices, Index.
700 1# - ΠΡΟΣΘΕΤΗ ΑΝΑΓΡΑΦΗ--ΦΥΣΙΚΟ ΠΡΟΣΩΠΟ
Personal name Cox David
9 (RLIN) 733
700 1# - ΠΡΟΣΘΕΤΗ ΑΝΑΓΡΑΦΗ--ΦΥΣΙΚΟ ΠΡΟΣΩΠΟ
Personal name Osborne
9 (RLIN) 734
942 ## - ADDED ENTRY ELEMENTS (KOHA)
Koha item type Books
Holdings
Τύπος τεκμηρίου Βιβλιοθήκη Τρέχουσα τοποθεσία Barcode Αριθμός εισαγωγής Ημερομηνία απόκτησης Ταξιθετικό σύμβολο Αριθμός αντιτύπου Κατάσταση απόσυρσης Κατάσταση χαμένου Κατάσταση κατεστραμμένου Μη δανεισμός Σύνολο δανεισμών Ημερομηνία τελευταίας εμφάνισης Η τιμή ισχύει από
Books MC Athens Campus Library MC Athens Campus Library 9780000005366 1151 05/06/2025 657 COX 1           05/06/2025 05/06/2025

MC Athens Campus Library
Πατησίων 94 & Κοδριγκτώνος 13, 104 34
Πελλήνης 8 & Πατησίων 107, 112 51
Τ: +30 210 8899600

MC Thessaloniki Campus Library
Ίωνος Δραγούμη 21, 54625 | Ίωνος Δραγούμη 15, 54625
Τ: +30 2310 287779 – Τ: +30 2314 440300